000 00537nam a2200193Ia 4500
005 20250508151258.0
008 008 250505s9999 xx 000 0 eng d
037 _aTextual
040 _aFEDL
_beng
_cFEDL
041 _aeng
_2eng
084 _a370.83, ODE
_qFEDL
100 _aO Dell C. W.
_9758761
245 0 _aIntroduction to educational statistics
260 _aNew York, USA
_bPrentice - Hall, Inc
_c1946
300 _a269p.
650 _aEducation
942 _cTEXL
_h370.83, ODE
999 _c1328806
_d1328806